|
|
|
|
| LEADER |
00000cam a22000002c 4500 |
| 001 |
1912606232 |
| 003 |
DE-627 |
| 005 |
20250124055006.0 |
| 007 |
cr uuu---uuuuu |
| 008 |
241217s2006 xx |||||o 00| ||eng c |
| 024 |
7 |
|
|a 10.4324/9780203959053
|2 doi
|
| 035 |
|
|
|a (DE-627)1912606232
|
| 035 |
|
|
|a (DE-599)KXP1912606232
|
| 040 |
|
|
|a DE-627
|b ger
|c DE-627
|e rda
|
| 041 |
|
|
|a eng
|
| 084 |
|
|
|a 2,1
|2 ssgn
|
| 100 |
1 |
|
|a Rack, Christine
|e VerfasserIn
|4 aut
|
| 245 |
1 |
0 |
|a Latino-Anglo Bargaining: Culture, Structure, and Choice in Court Mediation
|
| 264 |
|
1 |
|a [Erscheinungsort nicht ermittelbar]
|b Routledge
|c 2006
|
| 336 |
|
|
|a Text
|b txt
|2 rdacontent
|
| 337 |
|
|
|a Computermedien
|b c
|2 rdamedia
|
| 338 |
|
|
|a Online-Ressource
|b cr
|2 rdacarrier
|
| 787 |
0 |
8 |
|i Forschungsdaten
|a LaFree, Gary
|t Metro Court Project: A Study of Mediation and Adjudication in Bernalillo County (Albuquerque), New Mexico, Small Claims Court, 1990-1992
|d [Erscheinungsort nicht ermittelbar] : [Verlag nicht ermittelbar], 1995
|w (DE-627)1840062797
|
| 856 |
4 |
0 |
|u https://doi.org/10.4324/9780203959053
|x Resolving-System
|z lizenzpflichtig
|3 Volltext
|7 1
|
| 935 |
|
|
|a mkri
|
| 951 |
|
|
|a BO
|
| ELC |
|
|
|a 1
|
| LOK |
|
|
|0 000 xxxxxcx a22 zn 4500
|
| LOK |
|
|
|0 001 4637571758
|
| LOK |
|
|
|0 003 DE-627
|
| LOK |
|
|
|0 004 1912606232
|
| LOK |
|
|
|0 005 20241217044640
|
| LOK |
|
|
|0 008 241217||||||||||||||||ger|||||||
|
| LOK |
|
|
|0 035
|a (DE-2619)ICPSR162388
|
| LOK |
|
|
|0 040
|a DE-2619
|c DE-627
|d DE-2619
|
| LOK |
|
|
|0 092
|o n
|
| LOK |
|
|
|0 852
|a DE-2619
|
| LOK |
|
|
|0 852 1
|9 00
|
| LOK |
|
|
|0 935
|a nacp
|
| LOK |
|
|
|0 939
|a 17-12-24
|b l01
|
| ORI |
|
|
|a SA-MARC-krimdoka001.raw
|